| 000 -LEADER |
| fixed length control field |
01281 a2200277 4500 |
| 003 - CONTROL NUMBER IDENTIFIER |
| control field |
Nust |
| 005 - DATE AND TIME OF LATEST TRANSACTION |
| control field |
20221031123118.0 |
| 010 ## - LIBRARY OF CONGRESS CONTROL NUMBER |
| LC control number |
96194203 |
| 020 ## - INTERNATIONAL STANDARD BOOK NUMBER |
| International Standard Book Number |
0471961981 (acid-free paper) |
| 020 ## - INTERNATIONAL STANDARD BOOK NUMBER |
| International Standard Book Number |
047196199X (pbk. : acid-free paper) |
| 035 ## - SYSTEM CONTROL NUMBER |
| System control number |
(OCoLC)35208402 |
| 040 ## - CATALOGING SOURCE |
| Transcribing agency |
Nust |
| 082 00 - DEWEY DECIMAL CLASSIFICATION NUMBER |
| Classification number |
510,GAR |
| 100 1# - MAIN ENTRY--PERSONAL NAME |
| Personal name |
Garnier, Rowan. |
| 9 (RLIN) |
101955 |
| 245 10 - TITLE STATEMENT |
| Title |
100% mathematical proof / |
| Statement of responsibility, etc. |
Rowan Garnier, John Taylor. |
| 246 3# - VARYING FORM OF TITLE |
| Title proper/short title |
One hundred percent mathematical proof |
| 260 ## - PUBLICATION, DISTRIBUTION, ETC. |
| Place of publication, distribution, etc. |
Chichester ; |
| -- |
New York : |
| Name of publisher, distributor, etc. |
Wiley, |
| Date of publication, distribution, etc. |
c1996. |
| 300 ## - PHYSICAL DESCRIPTION |
| Extent |
viii, 317 p. : |
| Other physical details |
ill. ; |
| Dimensions |
25 cm. |
| 505 ## - FORMATTED CONTENTS NOTE |
| Formatted contents note |
Proofs, Mathematical and Non-Mathematical (Page-1), Propositional Logic (Page-15), Predicate Logic (Page-630), Axiom Systems and Formal Proof (Page-89), Direct Proof (Page-121), Direct Proof Variations (Page-167), Existence and Uniqueness Proofs (Page-185), further Proof Techniques (Page-209), Mathematical Induction (Page-239). |
| 650 #0 - SUBJECT ADDED ENTRY--TOPICAL TERM |
| Topical term or geographic name entry element |
Logic, Symbolic and mathematical. |
| 9 (RLIN) |
36546 |
| 650 #0 - SUBJECT ADDED ENTRY--TOPICAL TERM |
| Topical term or geographic name entry element |
Proof theory. |
| 9 (RLIN) |
82454 |
| 700 1# - ADDED ENTRY--PERSONAL NAME |
| Personal name |
Taylor, John, |
| Dates associated with a name |
1957- |
| 9 (RLIN) |
101956 |
| 856 4# - ELECTRONIC LOCATION AND ACCESS |
| Materials specified |
Publisher description |
| Uniform Resource Identifier |
<a href="http://www.loc.gov/catdir/enhancements/fy0706/96194203-d.html">http://www.loc.gov/catdir/enhancements/fy0706/96194203-d.html</a> |
| 856 4# - ELECTRONIC LOCATION AND ACCESS |
| Materials specified |
Table of Contents |
| Uniform Resource Identifier |
<a href="http://www.loc.gov/catdir/toc/onix01/96194203.html">http://www.loc.gov/catdir/toc/onix01/96194203.html</a> |
| 942 ## - ADDED ENTRY ELEMENTS (KOHA) |
| Source of classification or shelving scheme |
|
| Koha item type |
Book |
| Call number prefix |
510,GAR |